000 00767nam a2200229Ia 4500
003 GCL
005 20240530105859.0
008 140319s9999 xx 000 0 ara d
020 _a6392238977
040 _aGCL /
_cGCL
082 0 4 _aط
_b603
_bع م
100 1 _aهشام عبدالتواب يوسف
245 1 0 _aالحواس الخمس والحاسة السادسة /
_cهشام عبدالتواب يوسف
250 _aالاولى
260 _a[S.N] :
_bدار الكتاب المصرى ،
_c1995
260 _aبيروت :
_bدار الكتاب اللبنانى ،
_c1995
300 _aمتعدد ؛
_c25 سم
650 0 4 _aقصص الاطفال
650 0 4 _aالقصص العلمية
650 0 4 _aالحاسة السادسة
942 _2ddc
_cBK
999 _c57477
_d57477